• 首页
  • 本馆介绍
  • 公告通知
  • 最新文献
  • 馆藏检索
  • 电子资源
  • 读者导购
  • 参考咨询
  • 我的图书馆
  • 登录
  • 详细信息显示
  • 放入我的书架
  • 预约/预借图书
  • 作者相关作品
  • 分类相关作品
  • 丛书相关作品
  • 出版社相关作品

书目信息

  • 表格格式
  • 工作单格式
  • 卡片格式
题名:
鸟兽的绝唱
    
 
作者: 郭耕 著
分册:  
出版信息: 天津   天津教育出版社  2001
页数: 130页
开本: 20cm
丛书名: 绿色未来
单 册:
中图分类: S863-49
科图分类:
主题词: 野生动物--珍稀动物--动物保护--青年读物 , 珍稀动物--动物保护
电子资源:
ISBN: 7-5309-3259-4
000 00898oam2 2200265 450
001 1549989923
005 20150117135955.32
010    @a7-5309-3259-4@dCNY12.60
100    @a20010614d2001 am y0chiy0110 ea
101 0  @achi
102    @aCN@b120000
105    @aa z 000yy
200 1  @a鸟兽的绝唱@9niao shou de jue chang@e野生动物现状与拯救@f郭耕著
210    @a天津@c天津教育出版社@d2001
215    @a130页@c照片@d20cm
225 2  @a绿色未来
330    @a野生动物是人类的朋友。世界许多珍贵的动物现在都濒临灭绝。本书介绍了这些可爱的动物,呼吁人们行动起来保护它们。
461  0 @12001 @a绿色未来
517 1  @a野生动物现状与拯救@9ye sheng dong wu xian zhuang yu zheng jiu
606 0  @a野生动物@x珍稀动物@x动物保护@j青年读物
606 0  @a珍稀动物@x动物保护
690    @aS863-49@v5
701  0 @a郭耕@9guo geng@f(1961.1~)@4著
801  0 @aCN@bTSSF@c20150117
905    @aZUCC@dS863-49@eJY1
    
    鸟兽的绝唱:野生动物现状与拯救/郭耕著.-天津:天津教育出版社,2001
    130页:照片;20cm.-(绿色未来)
    
    
    ISBN 7-5309-3259-4:CNY12.60
    野生动物是人类的朋友。世界许多珍贵的动物现在都濒临灭绝。本书介绍了这些可爱的动物,呼吁人们行动起来保护它们。
●
相关链接 在E读中查询图书 在五车中查询图书 在当当中查询图书 在豆瓣中查询图书


正题名:鸟兽的绝唱     索取号:S863-49/JY1         预约/预借

序号 登录号 条形码 馆藏地/架位号 状态 备注
1 7852485   278524857   学院路分馆/ [索取号:S863-49/JY1] 在馆    
2 7852486   278524866   学院路分馆/ [索取号:S863-49/JY1] 在馆    
3 7852487   278524875   学院路分馆/ [索取号:S863-49/JY1] 在馆    
4 7852488   278524884   学院路分馆/ [索取号:S863-49/JY1] 在馆    
唐山师范学院图书馆 欢迎您!
大连网信软件有限公司© 版权所有